01538nam a2200253 a 450000100100000000500170001000800410002704000250006808200300009311000580012324501300018126000650031130000200037659000270039665100630042365100570048691000370054395201420058095201420072295201420086495201280100695201330113499900170126700003810820201002031157.0110126s2006 dr f000 0 spa d aDO-SdBNPbspacBNPHU a342.7293023bR426co, 20061 aRepública Dominicana.tConstitución (2002)94990110aConstitución de la República Dominicana :bvotada y proclamada por la Asamblea Nacional en fecha 25 de julio del 2002. /. aSanto Domingo :bSenado de la República Dominicana,c2006. a63 p. ;c21 cm. aInventariado, 2018/ YL 4aRepública DominicanaxConstitución (2002{Rpara}910514 4aRepública DominicanaxDerecho Constitucional99303 aValidado. Control de calidad MFF 001054708DSaGRbGRcHDd2013-05-13iLF1l0o342.7293023 R426co, 2006p38108-30r2020-06-25te.3w2020-06-25yLFDSZPréstamo en sala 001054708DSaGRbGRcHDd2018-11-21iLF1l0o342.7293023 R426co, 2006p38108-40r2020-06-25te.4w2020-06-25yLFDSZPréstamo en sala 001054708DSaGRbGRcHDd2019-10-15iLF1l0o342.7293023 R426co, 2006p38108-50r2020-06-25te.5w2020-06-25yLFDSZPréstamo en sala 0010718PDaPDbPDcHDd2013-03-14iLF1l0o342.7293023 R426co, 2006p38108-10r2020-06-25w2020-06-25yLFPDZNo se presta 0010718PDaPDbPDcHDd2013-05-13iLF1l0o342.7293023 R426co, 2006p38108-20r2020-06-25te.2w2020-06-25yLFPDZNo se presta c37598d37598